000 00485nmm a2200169Ia 4500
008 251105s9999||||xx |||||||||||||||||und||
020 _a9788412251623
041 _aspa
100 _aBenedit, María
245 0 _aAlas de mujer
264 _a[Madrid, España] :
_bUtopía Libros,
_c[Fecha de publicación no identificada]
300 _a0 páginas
490 _aNarrativa
650 _aSpanish narrative
856 _uhttps://public.digitaliapublishing.com/a/100639
942 _cCF
999 _c76190
_d76190